| 000 | 00496nam a2200193Ia 4500 | ||
|---|---|---|---|
| 003 | 0100 | ||
| 008 | 130227s9999 xx 000 0 und d | ||
| 040 | _cARRUPELIB | ||
| 050 | _aRA644.A25C535 2010 | ||
| 100 | _aChilangwa, Wilfred Bwalya | ||
| 245 | _aZambia ' s youth and Hiv and Aids | ||
| 260 | _aLusaka, Zambia | ||
| 260 | _bA Wilfred Bwalya Chilangwa Publication | ||
| 260 | _C2010 | ||
| 300 | _axiv | ||
| 300 | _b 134p. 22cm. | ||
| 650 | _bBible - Introductions | ||
| 942 |
_2lcc _01 |
||
| 999 |
_c5835 _d5835 |
||